000
00258nam a22001097a 4500
082
_a
900/FAT
100
_a
Fatah,Tarek
_9
83477
245
_a
The Tragic illusion of an Islamic State
260
_a
Delhi
_b
Kautilya Books
_c
2022
650
_a
History
942
_c
BK
999
_c
68406
_d
68406